000 00765nam a2200265 a 4500
001 66301
003 BD-RjUL
005 20211209081524.0
008 170315s1977 caua b 001 0 eng
020 _a0063854341
035 _a(BD-RjUL)66431
040 _aDLC
_cDLC
_dDLC
_dBD-RjUL
_beng
041 _aeng
082 0 0 _223
_a150
_bMCP 1977
100 1 _aMcNeil, Elton B.
_9196231
245 1 4 _aThe psychology of being human /
_cElton B. McNeil, Zick Rubin.
250 _a2d ed.
260 _aSan Francisco :
_bCanfield Press,
_cc1977.
300 _axvii, 646 p. :
_bill. ;
_c29 cm.
500 _aIncludes index.
504 _aBibliography: p. [623]-634.
650 0 _aPsychology.
_9179512
700 1 _aRubin, Zick,
_ejoint author.
_9196232
942 _2ddc
_cBK
999 _c66301
_d66301